000 00488nam a2200181Ia 4500
008 100917s9999 xx 000 0 und d
082 _b61068
100 _aपाटकर मधुकर - संपा.
245 _aआमचे भाऊ
260 _bम. कृ. पाटकर
_c1971
300 _a288
365 _b11
520 _aनिबंध
630 _aआमचे भाऊ
650 _aनिबंध
730 _aआमचे भाऊ
942 _cBOOK
999 _c666462
_d666459